Il matrimonio tra omosessuali : la legislazione europea : tesi di laurea /

সংরক্ষণ করুন:
গ্রন্থ-পঞ্জীর বিবরন
প্রধান লেখক: Bersano, Valeria (লেখক)
অন্যান্য লেখক: Fruggeri, Laura, Cigala, Ada
বিন্যাস: গ্রন্থ
ভাষা:ইতালিয়
প্রকাশিত: A.a. 2002-2003
ট্যাগগুলো: ট্যাগ যুক্ত করুন
কোনো ট্যাগ নেই, প্রথমজন হিসাবে ট্যাগ করুন!

MARC

LEADER 00000nam a22000007i 4500
001 IT\ICCU\UBO\2706053
003 ItRI
005 20260124192844.0
008 050420m20022003it |||||| ||||| |||||c
040 |b ita  |c importazione bologna sebina 
041 7 |a ita  |2 ISO-639-2 
100 1 |a Bersano, Valeria  |0 IT\ICCU\UBOV\963155  |4 aut 
245 1 3 |a Il matrimonio tra omosessuali :  |b la legislazione europea : tesi di laurea /  |c candidata: Valeria Bersano ; relatore: Laura Fruggeri ; correlatore: Ada Cigala. 
260 |c A.a. 2002-2003 
300 |a 99 p. ;  |c 30 cm 
500 |a In testa al front.: Università degli Studi di Parma , Facoltà di Lettere e Filosofia , Corso di Laurea in Psicologia. 
700 1 |a Fruggeri, Laura  |0 IT\ICCU\CFIV\034727 
700 1 |a Cigala, Ada  |0 IT\ICCU\PARV\335677 
942 |2 ddc  |c TS  |n 0 
952 |0 0  |1 0  |4 0  |6 TESI_306_738000000000000_BER  |7 0  |9 25033  |a BO  |b BO  |d 2026-01-15  |i 7980  |l 0  |o TESI 306.738 BER  |p BO7980  |r 2026-01-15 23:23:56  |w 2026-01-15  |x [Sebina 7] [1 v.]  |y TS  |z 1 v. 
999 |c 21274  |d 21274